[Event "Barcelona Primavera La Lira op 8th"]
[Site "Barcelona"]
[Date "2015.05.14"]
[Round "6"]
[White "Porta Chicote, David"]
[Black "Nuri Zomeno, Jesus Antonio"]
[Result "1-0"]
[WhiteElo "1808"]
[BlackElo "1618"]
[PlyCount "61"]
[EventDate "2015.04.09"]
[EventType "swiss"]
[EventRounds "9"]
[EventCountry "ESP"]
[SourceTitle "CBM 166 Extra"]
[Source "ChessBase"]
[SourceDate "2015.06.18"]
[SourceVersion "1"]
[SourceVersionDate "2015.06.18"]
[SourceQuality "1"]

1. d4 e6 2. e4 Nc6 3. Nc3 d5 4. Bb5 a6 5. Bxc6+ bxc6 6. Nf3 Rb8 7. 0-0 dxe4 8. Nxe4 Nf6 9. Re1 Qd5 10. Nxf6+ gxf6 11. c3 Rg8 12. b3 c5 13. c4 Qf5 14. Nh4 Qh3 15. g3 e5 16. Qh5 Bg4 17. Qxh7 Rg7 18. Qh6 f5 19. Rxe5+ Be7 20. Qxg7 Bf3 21. Nxf3 Rb6 22. Qg8+ Kd7 23. Qxf7 Qh8 24. Qxe7+ Kc8 25. Rxc5 Rb7 26. Bf4 Kb8 27. Rxc7 Rxc7 28. Qxc7+ Ka8 29. Ne5 a5 30. Nc6 Qb8 31. Qxb8# 1-0

[Event "Barcelona La Lira op 33rd"]
[Site "Barcelona"]
[Date "2015.02.27"]
[Round "7"]
[White "Aubeso Duch, Miquel"]
[Black "Nuri Zomeno, Jesus Antonio"]
[Result "1-0"]
[WhiteElo "1352"]
[BlackElo "1700"]
[PlyCount "55"]
[EventDate "2015.01.16"]
[EventType "swiss"]
[EventRounds "9"]
[EventCountry "ESP"]
[SourceTitle "EXT 2016"]
[Source "ChessBase"]
[SourceDate "2015.10.08"]
[SourceVersion "1"]
[SourceVersionDate "2015.10.08"]
[SourceQuality "1"]

1. Nf3 e6 2. g3 c5 3. Bg2 d5 4. 0-0 Be7 5. b3 Bf6 6. c3 Nc6 7. Re1 Nge7 8. Ba3 Qb6 9. e4 Ng6 10. exd5 Nce5 11. Nxe5 Nxe5 12. dxe6 Bxe6 13. c4 0-0 14. Bb2 Nd3 15. Bxf6 Nxe1 16. Bxg7 Kxg7 17. Qxe1 Rad8 18. Nc3 Kg8 19. Ne4 f6 20. Qe3 Rf7 21. Nxc5 Bf5 22. Bd5 Bg6 23. Bxf7+ Bxf7 24. d4 Re8 25. Qf3 Qb4 26. Qxf6 Re1+ 27. Rxe1 Qxe1+ 28. Kg2 1-0

[Event "Barcelona La Lira op 33rd"]
[Site "Barcelona"]
[Date "2015.02.06"]
[Round "4"]
[White "Gonzalez Canovas, Sebastian"]
[Black "Nuri Zomeno, Jesus Antonio"]
[Result "1-0"]
[WhiteElo "1635"]
[BlackElo "1700"]
[PlyCount "71"]
[EventDate "2015.01.16"]
[EventType "swiss"]
[EventRounds "9"]
[EventCountry "ESP"]
[SourceTitle "EXT 2016"]
[Source "ChessBase"]
[SourceDate "2015.10.08"]
[SourceVersion "1"]
[SourceVersionDate "2015.10.08"]
[SourceQuality "1"]

1. d4 e6 2. c4 c5 3. d5 d6 4. e4 Bd7 5. Nc3 Nf6 6. Be2 Be7 7. f4 exd5 8. cxd5 Qc8 9. h3 Na6 10. Nf3 h6 11. Nd2 b5 12. Nxb5 Nc7 13. Nc3 a6 14. Nc4 Rb8 15. Qc2 Nh7 16. Be3 0-0 17. Bf2 f5 18. e5 dxe5 19. d6 Bf6 20. fxe5 Bd8 21. dxc7 Bxc7 22. Nd5 Qd8 23. Nxc7 Qxc7 24. Nd6 f4 25. 0-0-0 Be6 26. Bc4 Bxc4 27. Qxc4+ Kh8 28. Rhe1 Ng5 29. e6 Rb4 30. Qc2 f3 31. e7 Nh7 32. exf8Q+ Nxf8 33. Re8 g6 34. Rxf8+ Kg7 35. Ne8+ Kxf8 36. Nxc7 1-0

[Event "Barcelona Primavera La Lira op 7th"]
[Site "Barcelona"]
[Date "2014.06.12"]
[Round "8"]
[White "Nuri Zomeno, Jesus Antonio"]
[Black "Aubeso Duch, Miquel"]
[Result "0-1"]
[WhiteElo "1700"]
[BlackElo "1352"]
[PlyCount "76"]
[EventDate "2014.04.03"]
[EventType "swiss"]
[EventRounds "9"]
[EventCountry "ESP"]
[SourceTitle "EXT 2015"]
[Source "ChessBase"]
[SourceDate "2014.11.20"]
[SourceVersion "1"]
[SourceVersionDate "2014.11.20"]
[SourceQuality "1"]

1. e4 e5 2. Nf3 Nc6 3. Bc4 h6 4. Nc3 Nf6 5. a4 b6 6. d3 Bb7 7. h3 Bb4 8. Bd2 0-0 9. 0-0 Bc5 10. Rb1 Nh5 11. Re1 Nd4 12. Nd5 c6 13. Ne3 b5 14. axb5 cxb5 15. Bd5 Bxd5 16. exd5 d6 17. b4 Bb6 18. c3 Nxf3+ 19. Qxf3 Nf4 20. Qe4 Qg5 21. Ng4 f5 22. Bxf4 Qxf4 23. Qxf4 exf4 24. Nh2 g5 25. Re6 Rfe8 26. Rxh6 Kg7 27. Rxd6 Re2 28. Rf1 Rae8 29. Rd7+ Kf6 30. c4 bxc4 31. dxc4 Rd8 32. Rxd8 Bxd8 33. c5 Ke7 34. b5 Ba5 35. Nf3 g4 36. hxg4 fxg4 37. Re1 gxf3 38. Kf1 Rxe1# 0-1

[Event "Barcelona Primavera La Lira op 7th"]
[Site "Barcelona"]
[Date "2014.05.29"]
[Round "6"]
[White "Febrero Perez, Lluis"]
[Black "Nuri Zomeno, Jesus Antonio"]
[Result "1-0"]
[WhiteElo "1592"]
[BlackElo "1700"]
[PlyCount "57"]
[EventDate "2014.04.03"]
[EventType "swiss"]
[EventRounds "9"]
[EventCountry "ESP"]
[SourceTitle "EXT 2015"]
[Source "ChessBase"]
[SourceDate "2014.11.20"]
[SourceVersion "1"]
[SourceVersionDate "2014.11.20"]
[SourceQuality "1"]

1. e4 e5 2. Nf3 Nc6 3. d4 exd4 4. Nxd4 Bb4+ 5. c3 Bd6 6. Bc4 Ne5 7. Bb3 Ne7 8. f4 N5g6 9. e5 Bc5 10. Be3 d5 11. 0-0 0-0 12. Kh1 Nf5 13. Nxf5 Bxe3 14. Nxe3 Be6 15. f5 Nxe5 16. fxe6 fxe6 17. Na3 Qg5 18. Nac2 c6 19. Rxf8+ Rxf8 20. Qe2 Rf4 21. Nd4 Qh6 22. Nef5 exf5 23. Qxe5 Qg6 24. Qb8+ Kf7 25. Qxb7+ Kf6 26. Qxc6+ Ke5 27. Qxd5+ Kf6 28. Qd8+ Ke5 29. Qe7+ 1-0